| 000 | 00862cam a22002897a 4500 | ||
|---|---|---|---|
| 003 | CHAP | ||
| 005 | 20220329140801.0 | ||
| 008 | 971013s1969 r 00010 d | ||
| 010 | _a57550 | ||
| 011 | _a58522 | ||
| 035 | _a62677 | ||
| 040 | _cCHAP | ||
| 082 |
_a512.896 _bS8 |
||
| 100 | 0 | 0 |
_aStaib, John H. _9109397 |
| 245 | 1 | 3 | _aAn introduction to matrices and linear transformations |
| 260 |
_aReading, Mass. : _bAddison-Wesley, _c1969 |
||
| 300 | _a336 p. | ||
| 590 |
_aBATCH-UPD _b10 _c20130110 _lUCH01 _h0603 |
||
| 590 |
_aBATCH-UPD _b10 _c20130410 _lUCH01 _h0245 |
||
| 590 |
_aBATCH-UPD _b10 _c20130914 _lUCH01 _h1804 |
||
| 590 |
_aCONVERSION _b10 _c20130109 _lUCH01 _h1331 |
||
| 650 | 1 | 4 |
_aÁlgebra lineal. _982392 |
| 650 | 1 | 4 |
_aMatrices. _973047 |
| 901 | _aBK | ||
| 942 | _cLIBRO | ||
| 949 |
_a512.896 S8 _bBC _cLIBRO _d33724000403937 _eLIBRO _h1963 _i62677 _si |
||
| 999 |
_c57550 _d57550 |
||